Zodpovednosť zamestnávateľa za škodu

Právna úprava zodpovednosti za škodu v Zákonníku práce. Zodpovednosť zamestnanca a zodpovednosť zamestnávateľa. Rozsah zodpovednosti zamestnávateľa za škodu na odložených veciach. Paragraf 178 Zákonníka práce. Osobitný druh zodpovednosti zamestnávateľa - zodpovednosť za škodu pri pracovnom úraze a p...

ver descrição completa

Na minha lista:
Detalhes bibliográficos
Autor principal: Mrukviová Tomiová, Sandra
Formato: Capítulo de Livro
Idioma:eslovaco
Assuntos:
Tags: Adicionar Tag
Sem tags, seja o primeiro a adicionar uma tag!

MARC

LEADER 00000naa a2200000 4500
001 0248099
005 20181005102301.1
041 0 |a slo 
044 |a SK 
245 1 0 |a Zodpovednosť zamestnávateľa za škodu  |c Sandra Mrukviová Tomiová 
520 |a Právna úprava zodpovednosti za škodu v Zákonníku práce. Zodpovednosť zamestnanca a zodpovednosť zamestnávateľa. Rozsah zodpovednosti zamestnávateľa za škodu na odložených veciach. Paragraf 178 Zákonníka práce. Osobitný druh zodpovednosti zamestnávateľa - zodpovednosť za škodu pri pracovnom úraze a pri chorobe z povolania. 
610 2 0 |a zamestnávatelia 
610 2 0 |a zamestnanci 
610 2 0 |a zodpovednosť za škody 
610 2 0 |a úrazy pracovné 
610 2 0 |a choroby z povolania 
610 2 0 |a zákonník práce 
610 2 0 |a vzťahy pracovnoprávne 
100 1 |a Mrukviová Tomiová, Sandra